| 000 | 00644nam a22001817a 4500 | ||
|---|---|---|---|
| 999 |
_c63267 _d63267 |
||
| 005 | 20250711152523.0 | ||
| 008 | 250711s2016 en ||||| |||| 00| 0 eng d | ||
| 020 | _a9781907575549 X | ||
| 041 | _aeng | ||
| 080 | _a811.11.1+338.47 M-79 | ||
| 100 |
_aMol, Hans _925639 |
||
| 245 |
_aMoving into tourism & hospitality : _bTeacher's Book A2-B1 / _cHans Mo |
||
| 264 |
_a Reading : _b Garnet Education, _c2016. |
||
| 300 |
_a184 p.: _bill ; _c29 cm. |
||
| 653 | _a Moving into tourism & hospitality | ||
| 653 | _aტურიზმი და სტუმართმოყვარეობის სფერო | ||
| 942 |
_2udc _cᲬᲘᲒᲜᲘ |
||